[Event "Dhaka New White Plus op"]
[Site "Dhaka"]
[Date "2002.04.05"]
[Round "7"]
[White "Wong, Zi Jing"]
[Black "Hossain, Sk Anwar"]
[Result "0-1"]
[WhiteElo "2256"]
[BlackElo "2139"]
[PlyCount "65"]
[EventDate "2002.03.30"]
[EventType "swiss"]
[EventRounds "11"]
[EventCountry "BAN"]
[SourceTitle "CBM 087 Extra"]
[Source "ChessBase"]
[SourceDate "2002.05.03"]
[SourceVersion "2"]
[SourceVersionDate "2002.08.09"]
[SourceQuality "1"]

1. e4 Nc6 2. d4 e5 3. Nf3 exd4 4. Bc4 Bc5 5. c3 d3 6. b4 Bb6 7. Bg5 Nge7 8. 0-0 d6 9. Qb3 0-0 10. Rd1 Bg4 11. Rxd3 Qe8 12. Nbd2 h6 13. Be3 Ng6 14. Bxb6 axb6 15. Bd5 Nce5 16. Nxe5 Nxe5 17. Rg3 Bc8 18. f4 Nd7 19. Qc2 b5 20. Re1 Nf6 21. Bb3 Bf5 22. Qd1 Be6 23. e5 dxe5 24. fxe5 Nh7 25. Bc2 Qd7 26. Rd3 Qe7 27. Ne4 Bc4 28. Rg3 Rfd8 29. Qh5 Kh8 30. h4 Rxa2 31. Bb1 Ra6 32. Ng5 Nxg5 33. hxg5 0-1